Environment and development / (Record no. 1588)

MARC details
000 -LEADER
fixed length control field 00524 am a2200157 4500
003 - CONTROL NUMBER IDENTIFIER
control field IeDuTC
005 - DATE AND TIME OF LATEST TRANSACTION
control field 20181127164440.0
008 - FIXED-LENGTH DATA ELEMENTS--GENERAL INFORMATION
fixed length control field 870129s1986 xxu 001 0 eng
100 1# - MAIN ENTRY--PERSONAL NAME
Personal name Ghosh, Asish.
245 10 - TITLE STATEMENT
Title Environment and development /
Statement of responsibility, etc. Asish Ghosh.
260 ## - PUBLICATION, DISTRIBUTION, ETC.
Place of publication, distribution, etc. New Delhi :
Name of publisher, distributor, etc. A.P.H. Publishing Corporation,
Date of publication, distribution, etc. 2009.
300 ## - PHYSICAL DESCRIPTION
Extent 286 p.
Other physical details ill. ;
Dimensions 22 cm.
650 ## - SUBJECT ADDED ENTRY--TOPICAL TERM
Topical term or geographic name entry element Environmental protection
Form subdivision
General subdivision
Chronological subdivision
Geographic subdivision India.
Source of heading or term
Topical term or geographic name entry element Environmental policy
Geographic subdivision Developing countries.
651 #0 - SUBJECT ADDED ENTRY--GEOGRAPHIC NAME
Geographic name Developing countries
General subdivision Economic policy.
Holdings
Withdrawn status Lost status Source of classification or shelving scheme Damaged status Not for loan Collection code Home library Current library Shelving location Date acquired Cost, normal purchase price Serial Enumeration / chronology Inventory number Total Checkouts Full call number Barcode Date last seen Date last checked out Price effective from Koha item type
    Dewey Decimal Classification     Main TEST RTC Library RTC Library Main opac 10/03/2021 700.00 3067 1 363.700954 GHO 30000313 12/03/2021 10/03/2021 27/11/2018 Main
Royal Thimphu College || All Right Reserved